000 00604cam a2200145 4500500
005 20260208005828.0
041 _afre
042 _adc
100 1 0 _aBerthier, Philippe
_eauthor
245 0 0 _aMICHEL MURAT, L’Enchanteur réticent. Essai sur Julien Gracq. Paris, José Corti, « Les Essais », 2004. Un vol. de 358 p.
260 _c2005.
500 _a38
786 0 _nRevue d'histoire littéraire de la France | 105 | 3 | 2005-06-01 | p. 655zzk-764zzk | 0035-2411
856 4 1 _uhttps://shs.cairn.info/revue-d-histoire-litteraire-de-la-france-2005-3-page-655zzk?lang=fr&redirect-ssocas=7080
999 _c1653997
_d1653997